000 01074nam a2200325 a 4500
001 000012281
003 DO-SdBPM
005 20260225103157.0
007 ta
008 091110s1996 dr 000 f spa d
020 _a8484002349
040 _aDO-SdBPM
_bspa
_cBPMSU
_erda
082 0 4 _aRD863.44
_bD671m 1996
_222
100 1 _aDomínguez, Francisca Otilia,
_d1923-
_eautor
_4aut.
245 1 0 _aMamá - la tierra /
_cFrancisca Otilia Domínguez; prólogo Tony Raful.
260 _c
264 _a Santo Domingo :
_bEditora Taller,
_c1996
300 _a155 páginas ;
_c22 cm.
336 _atexto
_btxt
_2rdacontant
337 _asin mediación
_bn
_2rdamedia
338 _avolumen
_bnc
_2rdacarrier
500 _aIncluye referencias bibliográficas y notas al pie de las páginas
500 _aIncluye datos biográficos de la autor en la contracubierta
590 _aInventariado, 2026/VM
650 7 _aNovela dominicana
650 7 _aLiteratura dominicana
700 1 _aRaful, Tony
_eprólogo
910 _aVMateo V. Control de calidad BPMSU
942 _2ddc
_cBK
999 _c7481
_d7481